Marketingové prostredie podniku v podmienkach cirkulárnej ekonomiky diplomová práca

Guardado en:
Detalles Bibliográficos
Autor principal: Fízel, Martin
Autor Corporativo: Obchodná fakulta EU. Katedra marketingu
Otros Autores: Hanuláková, Eva, 1964-
Formato: Libro
Lenguaje:eslovaco
Publicado: Bratislava 2021
Etiquetas: Agregar Etiqueta
Sin Etiquetas, Sea el primero en etiquetar este registro!

MARC

LEADER 00000nbm a2200000 4500
001 0274373
005 20220131132404.0
041 0 |a slo 
044 |a SK 
245 1 0 |a Marketingové prostredie podniku v podmienkach cirkulárnej ekonomiky  |b diplomová práca  |c Martin Fízel ; školiteľ: Eva Hanuláková 
264 1 |a Bratislava  |c 2021 
300 |a 82 s. 
100 1 |a Fízel, Martin 
700 1 |a Hanuláková, Eva, 1964- 
710 2 |a Obchodná fakulta EU. Katedra marketingu